000 00552nam a22001817a 4500
005 20240124075637.0
008 231201b |||||||| |||| 00| 0 eng d
020 _a0409004480 ; 0409004499
041 _aEnglish
082 _a349 JOU
100 _aJoubert, WA
_lEnglish
245 _aThe Law of South Africa /
_cWA Joubert
250 _aFirst Reissue
260 _aDurban :
_bButterworth Publishers (Pty) Ltd,
_c1993
300 _bviii, 494 pages ;
_c26 cm.
650 _aLegal practice
_bLaw
942 _cBK
_6ALISON_BN_VRIES
999 _c1092
_d1092